Hooray for teeth! / (Record no. 4052)

MARC details
000 -LEADER
fixed length control field 00928cam a22002894a 4500
005 - DATE AND TIME OF LATEST TRANSACTION
control field 20240604095544.0
020 ## - INTERNATIONAL STANDARD BOOK NUMBER
International Standard Book Number 0439206421 (pbk.)
040 ## - CATALOGING SOURCE
Original cataloging agency DLC
Transcribing agency DLC
Modifying agency DLC
Language of cataloging eng
050 00 - LIBRARY OF CONGRESS CALL NUMBER
Classification number QM311.S47
Item number 2001
082 00 - DEWEY DECIMAL CLASSIFICATION NUMBER
Classification number 591.4
100 1# - MAIN ENTRY--PERSONAL NAME
Personal name Shaw, Gina
245 10 - TITLE STATEMENT
Title Hooray for teeth! /
Statement of responsibility, etc. by Gina Shaw ; illustrated by Greg Neri
250 ## - EDITION STATEMENT
Edition statement First printing , January 2001
260 ## - PUBLICATION, DISTRIBUTION, ETC.
Place of publication, distribution, etc. New York :
Name of publisher, distributor, etc. Scholastic,
Date of publication, distribution, etc. 2001
300 ## - PHYSICAL DESCRIPTION
Extent 30 unnumbered pages :
Other physical details color illustrations ;
Dimensions 24 cm.
490 ## - SERIES STATEMENT
Series statement Hello Reader !
Volume/sequential designation Level 2
505 ## - FORMATTED CONTENTS NOTE
Formatted contents note K <br/>
520 ## - SUMMARY, ETC.
Summary, etc. Offers young readers information about their teeth, including how to care for them properly.
521 ## - TARGET AUDIENCE NOTE
Target audience note 510 <br/>
Source Lexile estimate <br/>
521 ## - TARGET AUDIENCE NOTE
Target audience note K <br/>
Source Raz-Plus <br/>
650 #0 - SUBJECT ADDED ENTRY--TOPICAL TERM
Topical term or geographic name entry element Teeth
Form subdivision Juvenile literature.
650 #1 - SUBJECT ADDED ENTRY--TOPICAL TERM
Topical term or geographic name entry element Teeth.
700 1# - ADDED ENTRY--PERSONAL NAME
Personal name Neri, Greg
Relator term illustrator
906 ## - LOCAL DATA ELEMENT F, LDF (RLIN)
a 7
b cbc
c orignew
d 1
e ocip
f 20
g y-gencatlg
942 ## - ADDED ENTRY ELEMENTS (KOHA)
Source of classification or shelving scheme Dewey Decimal Classification
Koha item type Books
Suppress in OPAC No
999 ## -
-- 4052
-- 4052
Holdings
Withdrawn status Lost status Source of classification or shelving scheme Damaged status Not for loan Collection Home library Current library Shelving location Date acquired Total Checkouts Full call number Barcode Date last seen Price effective from Koha item type
    Dewey Decimal Classification     Non-Fiction Footprints International School Library Network Toul Kork Campus Footprints International School Library Network Toul Kork Campus   06/04/2024   SHA 591.4 QM311.S47 FISBK02681 06/04/2024 06/04/2024 Books